Dadaísmo : (Record no. 1133)

MARC details
000 -LEADER
campo de control de longitud fija 00792nam a22001937a 4500
008 - DATOS DE LONGITUD FIJA--INFORMACIÓN GENERAL
campo de control de longitud fija 170204s2016 cr||||| |||| 00| 0 spa d
082 04 - NÚMERO DE LA CLASIFICACIÓN DECIMAL DEWEY
Número de clasificación 709.040.62
Número de ítem Q85d
100 1# - ENTRADA PRINCIPAL--NOMBRE DE PERSONA
Nombre de persona Quirós, Luis Fernando.
9 (RLIN) 1725
245 10 - MENCIÓN DEL TÍTULO
Título Dadaísmo :
Resto del título (1916-2016) /
Mención de responsabilidad, etc. Luis Fernando Quirós.
250 ## - MENCION DE EDICION
Mención de edición 1a ed.
260 ## - PUBLICACIÓN, DISTRIBUCIÓN, ETC.
Lugar de publicación, distribución, etc. San José, Costa Rica :
Nombre del editor, distribuidor, etc. Ediciones 1390,
Fecha de publicación, distribución, etc. 2016.
300 ## - DESCRIPCIÓN FÍSICA
Extensión 38 p.
500 ## - NOTA GENERAL
Nota general Esta publicación se terminó de imprimir en el mes de abril de 2016, como parte del programa Alter Academia de Fundación Teor/ética. Como primera edición cuenta con 30 ejemplares, producidos bajo la supervisión de Adrián Flores Sancho.
653 10 - TÉRMINO DE INDIZACIÓN--NO CONTROLADO
Término no controlado Arte - Literatura
653 10 - TÉRMINO DE INDIZACIÓN--NO CONTROLADO
Término no controlado Dadaísmo
653 10 - TÉRMINO DE INDIZACIÓN--NO CONTROLADO
Término no controlado Historia del arte
653 10 - TÉRMINO DE INDIZACIÓN--NO CONTROLADO
Término no controlado Arte contemporáneo
653 10 - TÉRMINO DE INDIZACIÓN--NO CONTROLADO
Término no controlado Movimientos artísticos
Holdings
Estatus retirado Estado de pérdida Fuente del sistema de clasificación o colocación Estado de daño No para préstamo Biblioteca de origen Biblioteca actual Ubicación en estantería Fecha de adquisición Total de préstamos Signatura topográfica completa Código de barras Visto por última vez Precio de reemplazo Tipo de ítem Koha
    Clasificación Decimal Dewey     Biblioteca LadoV Biblioteca LadoV   04/02/2017   709.040.62 Q85d 004290 04/02/2017 04/02/2017 Material 01